000
00332nam a2200145Ia 4500
008
150201s1997 xx 000 0 und d
082
_a
617.41
_b
A97G
100
_a
GRAUER , KEN
245
_a
ARRHYTHMIA INTERPERTATION
250
_a
1ST
260
_b
MOSBY
_a
DELHI
_c
1997
300
_a
366
650
_a
NURSING
942
_2
ddc
_c
BK
_0
1
999
_c
1852
_d
1852